Wine Regions of Chile - Statistics

General Stats
  • This quiz has been taken 250 times
  • The average score is 8 of 15
Answers on the Map
Answers color-coded by a green-red scale on the quiz's map according to % correct below.
 
Answer Stats
Answer % Correct
Southern Region
77%
Central Valley Region
69%
Aconcagua Region
65%
Casablanca Valley
62%
Coquimbo Region
59%
Aconcagua Valley
57%
Maipo Valley
54%
Colchagua Valley
50%
Elqui Valley
50%
Maule Valley
49%
Limarí Valley
47%
Leyda Valley
43%
Curicó Valley
41%
San Antonio Valley
41%
Cachapoal Valley
39%
No matching quizzes found
Score Distribution
Percent of People with Each Score
Percentile by Number Answered
Your Score History
You have not taken this quiz